Australian Territories & Capitals - Statistics

General Stats
  • This quiz has been taken 26 times
  • The average score is 13 of 16
Answer Stats
Capital City % Correct
New South Wales
95%
Northern Territory
95%
Queensland
95%
Sydney
95%
Western Australia
95%
Brisbane
89%
Melbourne
89%
Perth
89%
South Australia
89%
Tasmania
89%
Darwin
84%
Hobart
84%
Victoria
79%
Adelaide
74%
Wellington
26%
New Zealand
21%
No matching quizzes found
Score Distribution
Percent of People with Each Score
Percentile by Number Answered
Your Score History
You have not taken this quiz